LEADER 00656naa a2200145 i 4500 001 000000326764 003 CaOOAMICUS 005 20180831173528.0 008 180831n xx u000 u eng u 013 $a37924 040 $aSeMil$bita 245 10$aFamily and Education in the Light of the Magisterium of Paul VI. 650 4$aPaolo VI - Famiglia.$0(OLS)http://semarc/subject/26761 773 0 $tPaul 6. and the church in Africa.$dBrescia : Istituto Paolo 6., 2015.$kPubblicazioni dell'Istituto Paolo 6.$z978-88-382-4332-5$gp.89-96$w()249326 996 $6245$aFamily and Education in the Light of the Magisterium of Paul VI$9(OLS)http://semarc/title/399823 LEADER 00502naa a2200133 i 4500 001 000000330037 003 CaOOAMICUS 005 20180831173631.0 008 180831n it u000 u ita u 013 $a41767 040 $aSeMil$bita 245 10$aPedagogia del dolore innocente (1959 ) 773 0 $aGnocchi, Carlo $tDolore innocente.$dMilano : Àncora, copyr. 1999.$kDon Gnocchi$z88-7610-777-0$gp.15-38$w()126538 996 $6245$aPedagogia del dolore innocente (1959 )$9(OLS)http://semarc/title/418498